Australian citizenship test - Statistics

General Stats
  • This quiz has been taken 2,042 times
  • The average score is 10 of 15
Answer Stats
Hint Answer % Correct
Capital city Canberra
98%
The Australian flag contains the colours red, white and ____ Blue
95%
The colour at the bottom of the Australian Aboriginal Flag Red
89%
The coat of arms features this bird Emu
83%
Large sandstone rock formation in the Northern Territory beginning with "U" Uluru
83%
This native marsupial is often mistakenly called a bear by tourists Koala
80%
National colours are green and ____ Gold
79%
This Australian state used to be called "Van Diemen's Land" Tasmania
79%
These three digits are the country's primary national emergency number 000
73%
First line of the national anthem: "Australians all let us _____" Rejoice
73%
National day observed on April 25 Anzac Day
71%
First Prime Minister Edmund Barton
35%
Bush poet who wrote "Waltzing Matilda" and features on the $10 note Banjo Paterson
31%
English navigator who named Australia Matthew Flinders
13%
Indigenous Australian who is featured on the $50 note David Unaipon
9%
No matching quizzes found
Score Distribution
Percent of People with Each Score
Percentile by Number Answered
Your Score History
You have not taken this quiz